Korean Map Quiz Stats

 Plays Quiz not verified by Sporcle

Score 0/48 Timer 13:00
0 Plays Today
Number on Map Location Name % Correct
16- CityPyongyang
90.5%
26- CitySeoul
90.5%
8- ProvinceNorth Kyongsang
85.7%
33- CityPusan
85.7%
1- ProvinceHwanghae
81%
2- ProvinceSouth Hamgyong
81%
3- ProvinceNorth Hamgyong
81%
4- ProvinceNorth Pyongan
81%
7- ProvinceNorth Chungchong
81%
5- ProvinceSouth Pyongan
81%
6- ProvinceKangwon
81%
10- ProvinceSouth Cholla
81%
9- ProvinceSouth Kyongsang
81%
11- ProvinceNorth Cholla
81%
12- ProvinceSouth Chungchong
81%
13- ProvinceKyonggi
81%
14- CitySinuiju
81%
15- CityChongju
81%
17- CityYongbyon
81%
19- CityNajin
81%
22- CityWonsan
81%
24- CityInchon
81%
27- CitySuwon
81%
20- CityChongjin
76.2%
Number on Map Location Name % Correct
21- CityHamhung
76.2%
23- CityKaesong
76.2%
25- CityPanmunjom
76.2%
30- CityTaegu
76.2%
32- CityUlsan
76.2%
40- IslandCheju
76.2%
18- CityKanggye
71.4%
36- CityShimonoseki
71.4%
41- SeaYellow Sea
71.4%
37- IslandUllungdo
71.4%
42- SeaEast Sea
71.4%
38- IslandTokto
71.4%
39- IslandsTsushima
71.4%
43- StraitKorea Strait
71.4%
28- CityKongju
66.7%
29- CityTaejon
66.7%
31- CityKyongju
66.7%
North 46 (Sorry...)- RiverTumen
66.7%
South 45- RiverHan
66.7%
44- RiverTaedong
66.7%
North 45 (Sorry...)- RiverYalu
66.7%
South 46- RiverNaktong
66.7%
35- CityKwangju
61.9%
34- CityChinju
52.4%

You're not logged in!

Compare scores with friends on all Sporcle quizzes.
OR
Log In

Show Comments

Extras

Created Feb 18, 2014SourceReportNominate
Tags:harvard, korea, korean, map

Top Quizzes Today


Score Distribution

Your Account Isn't Verified!

In order to create a playlist on Sporcle, you need to verify the email address you used during registration. Go to your Sporcle Settings to finish the process.

Report this User

Report this user for behavior that violates our Community Guidelines.

Details: